| 000 | 00527nam a2200229 a 4500 | ||
|---|---|---|---|
| 001 | nice12345678 | ||
| 003 | IN_TiNIC | ||
| 005 | 20260116014522.0 | ||
| 008 | 100122s2009 mada grp 000 0 eng | ||
| 020 |
_a _c40 |
||
| 082 | 0 | 0 |
_a294.5921 _bGYA |
| 100 | _aGyananda, | ||
| 245 | _aSaswara Vedamatraalu | ||
| 260 |
_aMadras _bRamakrishna Math _c2009 |
||
| 300 | _a285p | ||
| 500 | _aincludes index and biblioraphy | ||
| 650 | _aVedas | ||
| 700 | 1 | _aGyananda, | |
| 902 | _bSRS | ||
| 942 | _cBK | ||
| 999 |
_c15746 _d15746 |
||